000 00551nam a22001937a 4500
005 20251108170541.0
008 250721s9999 xx 000 0 ara d
082 1 4 _aط/599.74/أشر
100 1 _aأشرف، وفاء
245 1 0 _aالأسد /
264 1 _aالقاهرة :
_bالدار المصرية اللبنانية،
_c[19-].
300 _a16ص
490 0 _aأريد أن أعرف ؛ 1
650 1 7 _aأدب الأطفال
650 1 7 _aالقصص العربية
650 1 7 _aالحيوانات
942 _2ddc
_cBK
999 _c43265
_d43265